000 00264nam a22001097a 4500
008 170124b xxu||||| |||| 00| 0 eng d
020 _a9780131136397
041 _aeng
080 _a618.2
245 _aTEXTBOOK INTERMEDIATE EMERGENCY CARE
_cBLEDSOE
942 _2udc
_cBK
999 _c3460
_d3460